000 00686nam a22002417a 4500
005 20170124110159.0
010 _aA-151265
020 _c80.00
035 _aA-151265
037 _bCen Lib/Ret
040 _aDPL
_bEN
082 _a181.46
_bAHL
100 _aAhluwalia, B.K.
_935695
245 _aVivekananda and indian renaissance /
_cby B.K. Ahluwalia [and] Shashi Ahluwalia
246 _b
260 _bAssociated Publishing Company
_aNew Delhi
_c1983
270 _bNew Delhi
300 _a198p.
_c19cm(Hb)
650 _aPhilosophy
_940921
650 _aRenaissance
_934908
700 _aAhluwalia, Shashi
_917500
942 _2ddc
_cEN
_h181.46
_mAHL
999 _c132771
_d132771